Intra-Jewish conflict in Israel: (Record no. 13451)
[ view plain ]
| 000 -LEADER | |
|---|---|
| fixed length control field | 00906nam a22002057a 4500 |
| 008 - FIXED-LENGTH DATA ELEMENTS--GENERAL INFORMATION | |
| fixed length control field | 100222t xxu||||| |||| 00| 0 eng d |
| 020 ## - INTERNATIONAL STANDARD BOOK NUMBER | |
| International Standard Book Number | 9780415778640 |
| 082 ## - DEWEY DECIMAL CLASSIFICATION NUMBER | |
| Edition number | 21 |
| Classification number | 305.800956 |
| Item number | CHE |
| 100 ## - MAIN ENTRY--PERSONAL NAME | |
| Personal name | Chetrit, Sami Shalom. |
| 9 (RLIN) | 11636 |
| 245 ## - TITLE STATEMENT | |
| Title | Intra-Jewish conflict in Israel: |
| Remainder of title | Whitr jews, Black jews / |
| Statement of responsibility, etc | Sami Shalom Chatrit. |
| 260 ## - PUBLICATION, DISTRIBUTION, ETC. (IMPRINT) | |
| Place of publication, distribution, etc | London; |
| -- | New York: |
| Name of publisher, distributor, etc | Routledge, |
| Date of publication, distribution, etc | c.2010. |
| 300 ## - PHYSICAL DESCRIPTION | |
| Extent | 298p; |
| Dimensions | 25 cm. |
| 500 ## - GENERAL NOTE | |
| General note | Includes Index. |
| 650 ## - SUBJECT ADDED ENTRY--TOPICAL TERM | |
| Topical term or geographic name as entry element | Routledge, |
| Topical term following geographic name as entry element | Israel |
| General subdivision | Social conditions |
| Chronological subdivision | 20th century. |
| 9 (RLIN) | 11637 |
| 650 ## - SUBJECT ADDED ENTRY--TOPICAL TERM | |
| Topical term or geographic name as entry element | Jews, Oriental |
| Topical term following geographic name as entry element | Israel |
| General subdivision | Political activity |
| Chronological subdivision | Israel. |
| 9 (RLIN) | 11638 |
| 650 ## - SUBJECT ADDED ENTRY--TOPICAL TERM | |
| Topical term or geographic name as entry element | Protest movements |
| Topical term following geographic name as entry element | Israel |
| 9 (RLIN) | 11639 |
| 650 ## - SUBJECT ADDED ENTRY--TOPICAL TERM | |
| Topical term or geographic name as entry element | Intergroup relations |
| Topical term following geographic name as entry element | Israel |
| 9 (RLIN) | 11640 |
| 942 ## - ADDED ENTRY ELEMENTS (KOHA) | |
| Source of classification or shelving scheme | Dewey Decimal Classification |
| Item type | Book - Borrowing |
| Withdrawn status | Item status | Source of classification or shelving scheme | Damaged status | Not for loan | Vendor | Home library | Current library | Shelving location | Date acquired | Source of acquisition | Cost, normal purchase price | Serial Enumeration / chronology | Total Checkouts | Total Renewals | Full call number | Barcode | Date last seen | Date last borrowed | Koha item type |
|---|---|---|---|---|---|---|---|---|---|---|---|---|---|---|---|---|---|---|---|
| Dewey Decimal Classification | MERIC | Central Library | Central Library | First floor | 22/02/2010 | 877.50 | 10029 | 3 | 4 | 305.800956 CHE | 000019915 | 15/07/2025 | 14/04/2014 | Book - Borrowing |